000 00776nam a2200229Ii 4500
003 JO-AjNU
008 230605s9999||||xx |||||||||||||| ||und||
017 _a2001/4702
020 _a974-200-338-4
040 _aJO-AjNU
_bara
_erda
_cJO-AjNU
041 _aara
050 1 4 _aPJ6106.K4276 2001
100 3 _aاعداد خلف، ربيع عبد السلام ,
_eauthor
_936597
245 0 0 _aالقيم المتنوعة للحرف والكلمة في اللغة العربية
250 _aط1
264 3 1 _aالقاهرة: مكتبة النهضة المصرية، 2001
300 _a101ص
336 _atext
_btxt
_2rdacontent
337 _aunmediated
_bn
_2rdamedia
338 _avolume
_bnc
_2rdacarrier
650 4 _aاللغة العربية-نحو-ألفاظ
_936598
999 _aA15219
_c18787
_d18787